| 000 | 01027nac a22002531u 4500 | ||
|---|---|---|---|
| 010 | _a 2005934291 | ||
| 020 | _a049501334X | ||
| 082 | 0 | 0 |
_a547.0078 _bG3721 |
| 090 |
_c2641 _d2641 |
||
| 100 | _aGilbert, John C. | ||
| 245 | 1 | 0 |
_aExperimental organic chemistry :a miniscale & microscale approach. _ba miniscale & microscale approach. _cJohn C. Gilbert ,Stephen F. Martin. |
| 250 |
_a4th ed. / _bJohn C. Gilbert, Stephen F. Martin. |
||
| 260 |
_aBelmont, CA : _bThomson Brooks/Cole,2006 _cc2006. |
||
| 300 |
_axxi, 927 p. : _bill. ; _c29 cm. |
||
| 490 | 0 | _aBrooks/Cole laboratory series for organic chemistry | |
| 504 | _aIncludes bibliographical references and index. | ||
| 650 | 0 |
_aChemistry, Organic _vLaboratory manuals. |
|
| 700 | 1 | _aMartin, Stephen F. | |
| 856 | 4 | 1 |
_3Table of contents only _uhttp://www.loc.gov/catdir/toc/fy0611/2005934291.html |
| 942 |
_cBB _k547.0078G3721 _hRDA-MOD |
||
| 999 |
_c2641 _d2641 |
||
| 336 |
_2rdacontent _atext _btxt |
||
| 337 |
_aunmediated _2rdamedia _bn |
||
| 338 |
_avolume _bnc _2rdacarrier |
||